[Event "Hoogeveen Open"]
[Site "Hoogeveen, Netherlands"]
[Date "2018.10.23"]
[Round "5.2"]
[White "Pruijssers, Roeland"]
[Black "Van Den Doel, Erik"]
[Result "1/2-1/2"]
[WhiteElo "2501"]
[BlackElo "2607"]

1. e4 {[%clk 01:30:52]} {[%emt 00:00:06]} e5 {[%clk 01:30:30]} {[%emt
00:00:31]} 2. Nf3 {[%clk 01:31:13]} {[%emt 00:00:09]} Nc6 {[%clk 01:30:57]}
{[%emt 00:00:04]} 3. Bc4 {[%clk 01:31:35]} {[%emt 00:00:08]} Bc5 {[%clk
01:31:14]} {[%emt 00:00:13]} 4. d3 {[%clk 01:31:44]} {[%emt 00:00:21]} Nf6
{[%clk 01:31:32]} {[%emt 00:00:12]} 5. O-O {[%clk 01:32:04]} {[%emt 00:00:09]}
d6 {[%clk 01:31:20]} {[%emt 00:00:43]} 6. c3 {[%clk 01:31:59]} {[%emt
00:00:34]} h6 {[%clk 01:29:17]} {[%emt 00:02:33]} 7. Re1 {[%clk 01:29:45]}
{[%emt 00:02:44]} O-O {[%clk 01:28:25]} {[%emt 00:01:23]} 8. h3 {[%clk
01:26:19]} {[%emt 00:03:56]} a5 {[%clk 01:25:53]} {[%emt 00:03:03]} 9. Nbd2
{[%clk 01:21:58]} {[%emt 00:04:50]} Be6 {[%clk 01:14:23]} {[%emt 00:12:00]} 10.
Bb5 {[%clk 01:09:22]} {[%emt 00:13:07]} Qb8 {[%clk 01:13:09]} {[%emt 00:01:44]}
11. Nf1 {[%clk 01:02:00]} {[%emt 00:07:51]} Qa7 {[%clk 01:13:33]} {[%emt
00:00:06]} 12. Be3 {[%clk 01:01:58]} {[%emt 00:00:32]} Bxe3 {[%clk 01:13:15]}
{[%emt 00:00:49]} 13. Nxe3 {[%clk 01:02:21]} {[%emt 00:00:06]} Ne7 {[%clk
01:05:36]} {[%emt 00:08:09]} 14. a4 {[%clk 00:56:03]} {[%emt 00:06:49]} Ng6
{[%clk 01:01:00]} {[%emt 00:05:05]} 15. Bc4 {[%clk 00:51:18]} {[%emt 00:05:14]}
Bd7 {[%clk 00:53:17]} {[%emt 00:08:14]} 16. Bb3 {[%clk 00:43:26]} {[%emt
00:08:22]} Rfe8 {[%clk 00:47:57]} {[%emt 00:05:50]} 17. Qd2 {[%clk 00:41:50]}
{[%emt 00:02:05]} Qb8 {[%clk 00:42:40]} {[%emt 00:05:48]} 18. h4 {[%clk
00:38:08]} {[%emt 00:04:12]} Qd8 {[%clk 00:41:13]} {[%emt 00:01:57]} 19. g3
{[%clk 00:38:08]} {[%emt 00:00:30]} Bc6 {[%clk 00:38:06]} {[%emt 00:03:38]} 20.
Qe2 {[%clk 00:35:07]} {[%emt 00:03:30]} Qd7 {[%clk 00:37:17]} {[%emt 00:01:19]}
21. Nh2 {[%clk 00:33:59]} {[%emt 00:01:38]} d5 {[%clk 00:34:02]} {[%emt
00:03:46]} 22. h5 {[%clk 00:30:35]} {[%emt 00:03:54]} Nf8 {[%clk 00:34:02]}
{[%emt 00:00:30]} 23. Neg4 {[%clk 00:27:18]} {[%emt 00:03:47]} N8h7 {[%clk
00:25:38]} {[%emt 00:08:54]} 24. exd5 {[%clk 00:15:20]} {[%emt 00:12:29]} Bxd5
{[%clk 00:25:56]} {[%emt 00:00:12]} 25. Bxd5 {[%clk 00:15:43]} {[%emt
00:00:07]} Qxd5 {[%clk 00:25:47]} {[%emt 00:00:39]} 26. Nxf6+ {[%clk 00:15:09]}
{[%emt 00:01:03]} Nxf6 {[%clk 00:25:46]} {[%emt 00:00:30]} 27. Ng4 {[%clk
00:15:29]} {[%emt 00:00:10]} Nd7 {[%clk 00:17:06]} {[%emt 00:09:11]} 28. Ne3
{[%clk 00:13:52]} {[%emt 00:02:06]} Qc6 {[%clk 00:16:46]} {[%emt 00:00:51]} 29.
Nf5 {[%clk 00:13:00]} {[%emt 00:01:22]} Nf6 {[%clk 00:15:53]} {[%emt 00:01:23]}
30. d4 {[%clk 00:11:33]} {[%emt 00:01:58]} e4 {[%clk 00:07:50]} {[%emt
00:08:33]} 31. Ne3 {[%clk 00:11:56]} {[%emt 00:00:06]} Nh7 {[%clk 00:07:14]}
{[%emt 00:01:06]} 32. Kg2 {[%clk 00:11:44]} {[%emt 00:00:42]} Ng5 {[%clk
00:07:29]} {[%emt 00:00:15]} 33. Qb5 {[%clk 00:11:19]} {[%emt 00:00:55]} Qe6
{[%clk 00:06:02]} {[%emt 00:01:57]} 1/2-1/2

[Event "Hoogeveen Open"]
[Site "Hoogeveen, Netherlands"]
[Date "2018.10.23"]
[Round "5.3"]
[White "Kryakvin, Dmitry"]
[Black "Kuipers, Stefan"]
[Result "1-0"]
[WhiteElo "2595"]
[BlackElo "2467"]

1. d4 {[%clk 01:30:57]} {[%emt 00:00:02]} d5 {[%clk 01:30:54]} {[%emt
00:00:06]} 2. c4 {[%clk 01:31:22]} {[%emt 00:00:05]} c6 {[%clk 01:31:20]}
{[%emt 00:00:04]} 3. Nf3 {[%clk 01:31:47]} {[%emt 00:00:05]} Nf6 {[%clk
01:31:45]} {[%emt 00:00:06]} 4. Nc3 {[%clk 01:32:11]} {[%emt 00:00:06]} e6
{[%clk 01:32:10]} {[%emt 00:00:05]} 5. Bg5 {[%clk 01:32:35]} {[%emt 00:00:06]}
Nbd7 {[%clk 01:32:34]} {[%emt 00:00:06]} 6. cxd5 {[%clk 01:32:58]} {[%emt
00:00:07]} exd5 {[%clk 01:32:58]} {[%emt 00:00:06]} 7. e3 {[%clk 01:33:20]}
{[%emt 00:00:08]} Be7 {[%clk 01:33:18]} {[%emt 00:00:10]} 8. Qc2 {[%clk
01:33:37]} {[%emt 00:00:14]} O-O {[%clk 01:33:38]} {[%emt 00:00:10]} 9. Bd3
{[%clk 01:34:01]} {[%emt 00:00:05]} Re8 {[%clk 01:33:52]} {[%emt 00:00:16]} 10.
O-O {[%clk 01:34:22]} {[%emt 00:00:09]} Nf8 {[%clk 01:34:07]} {[%emt 00:00:16]}
11. h3 {[%clk 01:34:46]} {[%emt 00:00:05]} g6 {[%emt 00:00:48]} 12. Bh6 {[%clk
01:34:44]} Ne6 {[%clk 01:30:03]} {[%emt 00:04:48]} 13. Ne5 {[%clk 01:34:57]}
{[%emt 00:00:17]} Ng7 {[%clk 01:24:48]} {[%emt 00:05:45]} 14. g4 {[%clk
01:35:09]} {[%emt 00:00:19]} Nd7 {[%clk 01:09:12]} {[%emt 00:16:06]} 15. f4
{[%clk 01:35:24]} {[%emt 00:00:14]} Nxe5 {[%clk 01:06:42]} {[%emt 00:03:01]} 16.
fxe5 {[%clk 01:35:07]} {[%emt 00:00:47]} Rf8 {[%clk 01:00:37]} {[%emt
00:06:35]} 17. Rf3 {[%clk 01:29:05]} {[%emt 00:06:31]} Be6 {[%clk 00:55:07]}
{[%emt 00:06:00]} 18. Raf1 {[%clk 01:27:56]} {[%emt 00:01:39]} c5 {[%clk
00:51:22]} {[%emt 00:04:16]} 19. Qf2 {[%clk 01:25:33]} {[%emt 00:02:51]} Bh4
{[%clk 00:47:09]} {[%emt 00:04:44]} 20. Qg2 {[%clk 01:23:19]} {[%emt 00:02:43]}
cxd4 {[%clk 00:45:07]} {[%emt 00:02:32]} 21. exd4 {[%clk 01:23:21]} {[%emt
00:00:28]} Bg5 {[%clk 00:44:57]} {[%emt 00:00:40]} 22. Bxg5 {[%clk 01:22:20]}
{[%emt 00:01:31]} Qxg5 {[%clk 00:45:21]} {[%emt 00:00:06]} 23. Rf4 {[%clk
01:15:17]} {[%emt 00:07:33]} Rad8 {[%clk 00:41:14]} {[%emt 00:04:37]} 24. Bc2
{[%clk 01:15:08]} {[%emt 00:00:38]} Ne8 {[%clk 00:38:09]} {[%emt 00:03:35]} 25.
Qf2 {[%clk 01:11:44]} {[%emt 00:03:54]} Kg7 {[%clk 00:25:01]} {[%emt 00:13:38]}
26. Kh2 {[%clk 01:06:13]} {[%emt 00:06:01]} Qe7 {[%clk 00:24:32]} {[%emt
00:00:59]} 27. Qe3 {[%clk 01:01:35]} {[%emt 00:05:08]} Rh8 {[%clk 00:22:43]}
{[%emt 00:02:19]} 28. Bd1 {[%clk 00:48:12]} {[%emt 00:13:53]} b5 {[%clk
00:19:49]} {[%emt 00:03:24]} 29. Ne2 {[%clk 00:47:11]} {[%emt 00:01:31]} h5
{[%clk 00:17:35]} {[%emt 00:02:44]} 30. g5 {[%clk 00:38:15]} {[%emt 00:09:27]}
Qb4 {[%clk 00:17:37]} {[%emt 00:00:27]} 31. R4f2 {[%clk 00:35:43]} {[%emt
00:03:02]} Nc7 {[%clk 00:13:35]} {[%emt 00:04:32]} 32. Nf4 {[%clk 00:34:15]}
{[%emt 00:01:58]} Rd7 {[%clk 00:13:50]} {[%emt 00:00:15]} 33. Nd3 {[%clk
00:32:30]} {[%emt 00:02:15]} Qa5 {[%clk 00:12:15]} {[%emt 00:02:05]} 34. Nc5
{[%clk 00:31:38]} {[%emt 00:01:21]} Re7 {[%clk 00:12:41]} {[%emt 00:00:05]} 35.
Bc2 {[%clk 00:25:06]} {[%emt 00:07:02]} Qb6 {[%clk 00:11:07]} {[%emt 00:02:04]}
36. Rf6 {[%clk 00:24:27]} {[%emt 00:01:09]} 1-0

[Event "Hoogeveen Open"]
[Site "Hoogeveen, Netherlands"]
[Date "2018.10.23"]
[Round "5.4"]
[White "Romanov, Evgeny"]
[Black "Van Delft, Merijn"]
[Result "1-0"]
[WhiteElo "2614"]
[BlackElo "2381"]

1. e4 {[%clk 01:30:24]} {[%emt 00:00:35]} c5 {[%clk 01:30:10]} {[%emt
00:00:50]} 2. Nf3 {[%clk 01:30:45]} {[%emt 00:00:10]} d6 {[%clk 01:30:22]}
{[%emt 00:00:16]} 3. Bb5+ {[%clk 01:31:05]} {[%emt 00:00:11]} Nc6 {[%clk
01:29:39]} {[%emt 00:01:13]} 4. O-O {[%clk 01:31:16]} {[%emt 00:00:20]} Bd7
{[%clk 01:29:43]} {[%emt 00:00:25]} 5. Re1 {[%clk 01:31:40]} {[%emt 00:00:07]}
Nf6 {[%clk 01:29:54]} {[%emt 00:00:18]} 6. c3 {[%clk 01:31:37]} {[%emt
00:00:34]} a6 {[%clk 01:29:55]} {[%emt 00:00:29]} 7. Bf1 {[%clk 01:28:10]}
{[%emt 00:03:57]} Bg4 {[%clk 01:29:44]} {[%emt 00:00:40]} 8. h3 {[%clk
01:28:35]} {[%emt 00:00:06]} Bxf3 {[%clk 01:29:35]} {[%emt 00:00:39]} 9. Qxf3
{[%clk 01:29:02]} {[%emt 00:00:03]} e6 {[%clk 01:29:44]} {[%emt 00:00:19]} 10.
Qg3 {[%clk 01:29:23]} {[%emt 00:00:11]} Be7 {[%clk 01:29:10]} {[%emt 00:01:03]}
11. Na3 {[%clk 01:07:36]} {[%emt 00:22:19]} O-O {[%clk 01:28:22]} {[%emt
00:01:13]} 12. Nc2 {[%clk 01:08:03]} {[%emt 00:00:07]} Re8 {[%clk 01:23:58]}
{[%emt 00:04:54]} 13. d3 {[%clk 01:06:12]} {[%emt 00:02:21]} d5 {[%clk
01:07:34]} {[%emt 00:16:53]} 14. Bh6 {[%clk 01:01:40]} {[%emt 00:05:02]} g6
{[%clk 01:05:52]} {[%emt 00:02:10]} 15. exd5 {[%clk 00:55:50]} {[%emt
00:06:23]} Nxd5 {[%clk 00:59:55]} {[%emt 00:06:26]} 16. Rad1 {[%clk 00:53:29]}
{[%emt 00:02:52]} Bf6 {[%clk 00:45:02]} {[%emt 00:15:22]} 17. Qf3 {[%clk
00:52:38]} {[%emt 00:01:22]} Bh8 {[%clk 00:41:06]} {[%emt 00:04:25]} 18. g3
{[%clk 00:49:47]} {[%emt 00:03:22]} Qb6 {[%clk 00:37:58]} {[%emt 00:03:36]} 19.
Bc1 {[%clk 00:49:20]} {[%emt 00:00:58]} Rad8 {[%clk 00:37:20]} {[%emt
00:01:06]} 20. Bg2 {[%clk 00:49:24]} {[%emt 00:00:29]} Qa5 {[%clk 00:32:19]}
{[%emt 00:05:31]} 21. a3 {[%clk 00:48:09]} {[%emt 00:01:45]} b5 {[%clk
00:27:38]} {[%emt 00:05:10]} 22. Bg5 {[%clk 00:41:01]} {[%emt 00:07:39]} Rc8
{[%clk 00:27:23]} {[%emt 00:00:44]} 23. Qe2 {[%clk 00:40:37]} {[%emt 00:00:54]}
Nce7 {[%clk 00:21:30]} {[%emt 00:06:23]} 24. c4 {[%clk 00:27:46]} {[%emt
00:13:23]} Nf6 {[%clk 00:12:59]} {[%emt 00:09:00]} 25. b4 {[%clk 00:26:24]}
{[%emt 00:01:52]} Qc7 {[%clk 00:12:02]} {[%emt 00:01:25]} 26. Bf4 {[%clk
00:25:46]} {[%emt 00:01:09]} Qd7 {[%clk 00:11:13]} {[%emt 00:01:19]} 27. g4
{[%clk 00:18:42]} {[%emt 00:07:34]} Red8 {[%clk 00:11:17]} {[%emt 00:00:25]} 28.
Bg5 {[%clk 00:15:44]} {[%emt 00:03:29]} Bg7 {[%clk 00:09:47]} {[%emt 00:01:59]}
29. Qf3 {[%clk 00:12:01]} {[%emt 00:04:13]} Ne8 {[%clk 00:10:11]} {[%emt
00:00:06]} 30. bxc5 {[%clk 00:09:05]} {[%emt 00:03:26]} Rxc5 {[%clk 00:09:02]}
{[%emt 00:01:38]} 31. Be3 {[%clk 00:09:32]} {[%emt 00:00:04]} Rcc8 {[%clk
00:06:51]} {[%emt 00:02:41]} 32. Bb6 {[%clk 00:09:16]} {[%emt 00:00:46]} Nc7
{[%clk 00:06:51]} {[%emt 00:00:30]} 33. Nb4 {[%clk 00:06:34]} {[%emt 00:03:13]}
Bd4 {[%clk 00:05:52]} {[%emt 00:01:28]} 34. c5 {[%clk 00:05:58]} {[%emt
00:01:07]} Ned5 {[%clk 00:04:55]} {[%emt 00:01:27]} 35. c6 {[%clk 00:05:13]}
{[%emt 00:01:16]} Qe8 {[%clk 00:02:36]} {[%emt 00:02:48]} 36. Nxd5 {[%clk
00:04:16]} {[%emt 00:01:28]} Rxd5 {[%clk 00:01:23]} {[%emt 00:01:42]} 37. Bxc7
{[%clk 00:04:43]} {[%emt 00:00:04]} Qxc6 {[%clk 00:01:29]} {[%emt 00:00:23]} 38.
Rc1 {[%clk 00:02:48]} {[%emt 00:02:25]} Qd7 {[%clk 00:01:00]} {[%emt 00:00:58]}
39. Qf4 {[%clk 00:01:36]} {[%emt 00:01:43]} e5 {[%clk 00:00:34]} {[%emt
00:00:56]} 40. Qf3 {[%clk 00:01:21]} {[%emt 00:00:45]} Rc5 {[%clk 00:00:33]}
{[%emt 00:00:32]} 41. Rxc5 {[%clk 00:01:35]} {[%emt 00:00:16]} 1-0

[Event "Hoogeveen Open"]
[Site "Hoogeveen, Netherlands"]
[Date "2018.10.23"]
[Round "5.5"]
[White "Safarli, Eltaj"]
[Black "Den Hartog, Marijn"]
[Result "1-0"]
[WhiteElo "2676"]
[BlackElo "2296"]

1. e4 {[%clk 01:30:18]} {[%emt 00:00:41]} e5 {[%clk 01:30:54]} {[%emt
00:00:07]} 2. Nc3 {[%clk 01:30:09]} {[%emt 00:00:39]} Nf6 {[%clk 01:29:40]}
{[%emt 00:01:44]} 3. g3 {[%clk 01:30:26]} {[%emt 00:00:13]} g6 {[%clk
01:27:36]} {[%emt 00:02:34]} 4. Bg2 {[%clk 01:30:08]} {[%emt 00:00:47]} Bg7
{[%clk 01:28:01]} {[%emt 00:00:05]} 5. d3 {[%clk 01:30:09]} {[%emt 00:00:28]}
O-O {[%clk 01:27:53]} {[%emt 00:00:38]} 6. Nge2 {[%clk 01:28:29]} {[%emt
00:02:10]} c6 {[%clk 01:26:05]} {[%emt 00:02:19]} 7. O-O {[%clk 01:26:48]}
{[%emt 00:02:11]} Re8 {[%clk 01:22:37]} {[%emt 00:03:59]} 8. d4 {[%clk
01:24:43]} {[%emt 00:02:35]} d6 {[%clk 01:22:47]} {[%emt 00:00:20]} 9. a4
{[%clk 01:23:27]} {[%emt 00:01:46]} Na6 {[%clk 01:16:07]} {[%emt 00:07:09]} 10.
a5 {[%clk 01:19:24]} {[%emt 00:04:33]} Qc7 {[%clk 01:07:26]} {[%emt 00:09:11]}
11. h3 {[%clk 01:17:38]} {[%emt 00:02:16]} Rb8 {[%clk 00:53:10]} {[%emt
00:14:47]} 12. Bg5 {[%clk 01:13:57]} {[%emt 00:04:09]} h6 {[%clk 00:47:15]}
{[%emt 00:06:26]} 13. Be3 {[%clk 01:13:40]} {[%emt 00:00:46]} b5 {[%clk
00:44:45]} {[%emt 00:03:01]} 14. axb6 {[%clk 01:12:17]} {[%emt 00:01:53]} axb6
{[%clk 00:45:11]} {[%emt 00:00:04]} 15. Qd2 {[%clk 01:11:41]} {[%emt 00:01:04]}
Kh7 {[%clk 00:41:14]} {[%emt 00:04:28]} 16. f4 {[%clk 01:08:42]} {[%emt
00:03:29]} exd4 {[%clk 00:40:20]} {[%emt 00:01:24]} 17. Nxd4 {[%clk 01:03:08]}
{[%emt 00:06:03]} d5 {[%clk 00:22:06]} {[%emt 00:18:46]} 18. e5 {[%clk
00:59:57]} {[%emt 00:03:41]} Ne4 {[%clk 00:19:39]} {[%emt 00:02:57]} 19. Nxe4
{[%clk 00:58:47]} {[%emt 00:01:40]} dxe4 {[%clk 00:20:06]} {[%emt 00:00:03]} 20.
Qc3 {[%clk 00:53:17]} {[%emt 00:05:58]} c5 {[%clk 00:14:40]} {[%emt 00:05:57]}
21. Nb5 {[%clk 00:53:17]} {[%emt 00:00:29]} Qc6 {[%clk 00:11:19]} {[%emt
00:03:51]} 22. Na7 {[%clk 00:53:09]} {[%emt 00:00:38]} Qb7 {[%clk 00:07:14]}
{[%emt 00:04:36]} 23. Nxc8 {[%clk 00:53:28]} {[%emt 00:00:10]} Rbxc8 {[%clk
00:07:42]} {[%emt 00:00:03]} 24. Qc4 {[%clk 00:53:08]} {[%emt 00:00:50]} Nb4
{[%clk 00:07:32]} {[%emt 00:00:41]} 25. Qxe4 {[%clk 00:51:28]} {[%emt
00:02:09]} Qxe4 {[%clk 00:07:24]} {[%emt 00:00:39]} 26. Bxe4 {[%clk 00:51:53]}
{[%emt 00:00:05]} f6 {[%clk 00:07:07]} {[%emt 00:00:47]} 27. c3 {[%clk
00:51:34]} {[%emt 00:00:48]} fxe5 {[%clk 00:06:50]} {[%emt 00:00:47]} 28. f5
{[%clk 00:51:21]} {[%emt 00:00:44]} 1-0

[Event "Hoogeveen Open"]
[Site "Hoogeveen, Netherlands"]
[Date "2018.10.23"]
[Round "5.7"]
[White "De Jong, Migchiel"]
[Black "Schippers, Maurice"]
[Result "1/2-1/2"]
[WhiteElo "2309"]
[BlackElo "2272"]

1. Nf3 {[%clk 01:30:53]} {[%emt 00:00:05]} Nf6 {[%clk 01:30:52]} {[%emt
00:00:10]} 2. c4 {[%clk 01:30:58]} {[%emt 00:00:24]} g6 {[%clk 01:31:18]}
{[%emt 00:00:05]} 3. Nc3 {[%clk 01:31:10]} {[%emt 00:00:18]} Bg7 {[%clk
01:31:43]} {[%emt 00:00:05]} 4. e4 {[%clk 01:31:07]} {[%emt 00:00:32]} d6
{[%clk 01:32:10]} {[%emt 00:00:04]} 5. d4 {[%clk 01:31:32]} {[%emt 00:00:05]}
O-O {[%clk 01:32:36]} {[%emt 00:00:05]} 6. Be2 {[%clk 01:31:06]} {[%emt
00:00:55]} e5 {[%clk 01:32:52]} {[%emt 00:00:15]} 7. O-O {[%clk 01:31:07]}
{[%emt 00:00:28]} Nc6 {[%clk 01:32:56]} {[%emt 00:00:28]} 8. d5 {[%clk
01:31:15]} {[%emt 00:00:21]} Ne7 {[%clk 01:33:22]} {[%emt 00:00:05]} 9. Bd2
{[%clk 01:29:52]} {[%emt 00:01:52]} Nh5 {[%clk 01:26:58]} {[%emt 00:06:55]} 10.
Rc1 {[%clk 01:29:39]} {[%emt 00:00:42]} b6 {[%clk 01:24:28]} {[%emt 00:02:59]}
11. g3 {[%clk 01:27:32]} {[%emt 00:02:36]} f5 {[%clk 01:19:25]} {[%emt
00:05:35]} 12. Ng5 {[%clk 01:25:54]} {[%emt 00:02:08]} Nf6 {[%clk 01:19:09]}
{[%emt 00:00:46]} 13. Bf3 {[%clk 01:24:09]} {[%emt 00:02:13]} fxe4 {[%clk
01:11:26]} {[%emt 00:08:15]} 14. Ncxe4 {[%clk 01:24:14]} {[%emt 00:00:24]} Nf5
{[%clk 00:49:08]} {[%emt 00:22:49]} 15. b4 {[%clk 01:17:45]} {[%emt 00:06:59]}
Nd4 {[%clk 00:49:01]} {[%emt 00:00:37]} 16. Bg2 {[%clk 01:17:45]} {[%emt
00:00:30]} Nxe4 {[%clk 00:46:42]} {[%emt 00:02:50]} 17. Nxe4 {[%clk 01:17:52]}
{[%emt 00:00:22]} a5 {[%clk 00:41:18]} {[%emt 00:05:54]} 18. bxa5 {[%clk
01:16:16]} {[%emt 00:02:05]} bxa5 {[%clk 00:39:29]} {[%emt 00:02:21]} 19. c5
{[%clk 01:15:19]} {[%emt 00:01:26]} Bf5 {[%clk 00:37:53]} {[%emt 00:02:05]} 20.
Be3 {[%clk 01:13:11]} {[%emt 00:02:38]} Qd7 {[%clk 00:36:43]} {[%emt 00:01:40]}
21. Bxd4 {[%clk 01:10:40]} {[%emt 00:03:01]} Bxe4 {[%clk 00:35:17]} {[%emt
00:01:56]} 22. Bxe4 {[%clk 01:10:17]} {[%emt 00:00:52]} exd4 {[%clk 00:35:43]}
{[%emt 00:00:05]} 23. cxd6 {[%clk 01:10:38]} {[%emt 00:00:08]} cxd6 {[%clk
00:35:50]} {[%emt 00:00:24]} 24. Rc6 {[%clk 01:10:56]} {[%emt 00:00:11]} Rae8
{[%clk 00:32:59]} {[%emt 00:03:22]} 25. Qd3 {[%clk 01:10:51]} {[%emt 00:00:35]}
Qg4 {[%clk 00:31:05]} {[%emt 00:02:24]} 26. Re1 {[%clk 01:08:08]} {[%emt
00:03:12]} Be5 {[%clk 00:23:35]} {[%emt 00:07:59]} 27. Kg2 {[%clk 01:07:30]}
{[%emt 00:01:09]} Qg5 {[%clk 00:21:24]} {[%emt 00:02:41]} 28. Re2 {[%clk
01:05:33]} {[%emt 00:02:27]} Rb8 {[%clk 00:17:41]} {[%emt 00:04:13]} 29. h4
{[%clk 01:04:55]} {[%emt 00:01:07]} Qd8 {[%clk 00:16:57]} {[%emt 00:01:14]} 30.
h5 {[%clk 01:03:15]} {[%emt 00:02:11]} gxh5 {[%clk 00:15:24]} {[%emt 00:02:03]}
31. Bxh7+ {[%clk 01:03:35]} {[%emt 00:00:09]} Kh8 {[%clk 00:15:27]} {[%emt
00:00:29]} 32. Bf5 {[%clk 00:53:52]} {[%emt 00:10:12]} Qg5 {[%clk 00:14:42]}
{[%emt 00:01:15]} 33. Be6 {[%clk 00:53:55]} {[%emt 00:00:27]} Rb7 {[%clk
00:13:56]} {[%emt 00:01:17]} 34. Rec2 {[%clk 00:52:00]} {[%emt 00:02:25]} h4
{[%clk 00:09:50]} {[%emt 00:04:36]} 35. Rc8 {[%clk 00:51:32]} {[%emt 00:00:58]}
Rb8 {[%clk 00:09:34]} {[%emt 00:00:47]} 36. R8c7 {[%clk 00:49:45]} {[%emt
00:02:16]} Bg7 {[%clk 00:09:59]} {[%emt 00:00:05]} 37. f4 {[%clk 00:49:10]}
{[%emt 00:01:04]} Rxf4 {[%clk 00:08:38]} {[%emt 00:01:52]} 38. Rc8+ {[%clk
00:43:00]} {[%emt 00:06:40]} Rf8 {[%emt 00:03:22]} 39. Rxb8 {[%clk 00:40:57]}
Rxb8 {[%clk 00:08:47]} {[%emt 00:00:01]} 40. Kh3 {[%clk 00:40:50]} {[%emt
00:00:36]} Qxg3+ {[%clk 00:01:39]} {[%emt 00:07:38]} 41. Qxg3 {[%clk 00:41:15]}
{[%emt 00:00:06]} hxg3 {[%clk 00:02:03]} {[%emt 00:00:05]} 42. Kxg3 {[%clk
00:41:22]} {[%emt 00:00:24]} Be5+ {[%clk 00:29:15]} {[%emt 00:03:18]} 43. Kf3
{[%clk 01:09:51]} {[%emt 00:02:01]} Kg7 {[%clk 00:27:01]} {[%emt 00:02:43]} 44.
Rc7+ {[%clk 01:07:57]} {[%emt 00:02:24]} Kg6 {[%clk 00:26:51]} {[%emt
00:00:40]} 45. Ra7 {[%clk 01:07:17]} {[%emt 00:01:09]} d3 {[%clk 00:22:28]}
{[%emt 00:04:54]} 46. Ke3 {[%clk 01:06:48]} {[%emt 00:01:00]} Bd4+ {[%clk
00:20:06]} {[%emt 00:02:52]} 47. Kxd4 {[%clk 01:07:03]} {[%emt 00:00:15]} d2
{[%clk 00:20:32]} {[%emt 00:00:04]} 48. Bg4 {[%clk 01:07:25]} {[%emt 00:00:07]}
Rb4+ {[%clk 00:20:58]} {[%emt 00:00:04]} 49. Kc3 {[%clk 01:07:06]} {[%emt
00:00:49]} Rxg4 {[%clk 00:21:23]} {[%emt 00:00:06]} 50. Kxd2 {[%clk 01:07:30]}
{[%emt 00:00:06]} Rd4+ {[%clk 00:21:17]} {[%emt 00:00:36]} 51. Kc3 {[%clk
01:06:44]} {[%emt 00:01:15]} Rxd5 {[%clk 00:19:45]} {[%emt 00:02:02]} 52. Kc4
{[%clk 01:05:53]} {[%emt 00:01:21]} Rc5+ {[%clk 00:20:03]} {[%emt 00:00:12]} 53.
Kd4 {[%clk 01:06:18]} {[%emt 00:00:05]} Kf6 {[%clk 00:20:17]} {[%emt 00:00:16]}
54. a4 {[%clk 01:03:05]} {[%emt 00:03:43]} Ke6 {[%clk 00:19:44]} {[%emt
00:01:03]} 55. Rh7 {[%clk 01:01:56]} {[%emt 00:01:39]} Rd5+ {[%clk 00:19:50]}
{[%emt 00:00:25]} 56. Kc4 {[%clk 01:02:15]} {[%emt 00:00:11]} Rc5+ {[%clk
00:20:16]} {[%emt 00:00:04]} 57. Kd4 {[%clk 01:02:41]} {[%emt 00:00:04]} Rg5
{[%clk 00:20:32]} {[%emt 00:00:14]} 58. Kc4 {[%clk 01:02:47]} {[%emt 00:00:24]}
Rc5+ {[%clk 00:09:44]} {[%emt 00:11:18]} 59. Kd4 {[%clk 01:03:11]} {[%emt
00:00:06]} Rg5 {[%clk 00:09:25]} {[%emt 00:00:49]} 60. Kc4 {[%clk 01:03:32]}
{[%emt 00:00:09]} Rc5+ {[%clk 00:09:51]} {[%emt 00:00:04]} 1/2-1/2